000 00632nam a2200205 i 4500
001 bgj
100 1 _aLAWDAY, Cathy
245 1 0 _aWinners :
_bpodręcznik dla szkoły podstawowej : student's book /
_cCathy Lawday ; Mark Hancock ; konsultacja: Małgorzata Tetiurka.
260 _aOxford :
_bOxford University Press,
_c2005.
300 _a87 pp :
_bill. ;
_c30 cm.
650 9 _aEnglish language
655 _aTextbooks for foreigners
700 1 _aHANCOCK, Mark.
_eco-author
020 _a0194388115
040 _cBPK
041 0 _aeng
920 _a0-19-438811-5
942 _cKS
008 s uk f |000 0 eng
999 _c48956
_d48956